| 000 | 00616nam a2200229Ia 4500 | ||
|---|---|---|---|
| 003 | OSt | ||
| 005 | 20251015191537.0 | ||
| 008 | 210423s1998 xx 000 0 und d | ||
| 020 | _a761901604 | ||
| 040 | _cAL | ||
| 041 | _aEnglish | ||
| 082 |
_a361.4 _bROSG |
||
| 100 |
_aSteven R Rose _9109278 |
||
| 245 | _aGroup work with children and adolescents | ||
| 260 |
_aNew Delhi _bSage Publications _c1998 |
||
| 300 |
_axi,186 _bPB |
||
| 365 |
_b2041 _cINR |
||
| 650 |
_aGroup Work _9109279 |
||
| 650 |
_aSocial Problems & Services _9109280 |
||
| 906 | _aadolescents ; children ; Group ; work | ||
| 942 |
_2ddc _cBK |
||
| 999 |
_c172528 _d172528 |
||